Detalles MARC
| 000 -CABECERA |
| campo de control de longitud fija |
01690nam a2200313 i 4500 |
| 003 - IDENTIFICADOR DEL NÚMERO DE CONTROL |
| campo de control |
DO-SdBNP |
| 005 - FECHA Y HORA DE LA ÚLTIMA TRANSACCIÓN |
| campo de control |
20260321073646.0 |
| 007 - CAMPO FIJO DE DESCRIPCIÓN FÍSICA--INFORMACIÓN GENERAL |
| campo de control de longitud fija |
ta |
| 008 - DATOS DE LONGITUD FIJA--INFORMACIÓN GENERAL |
| campo de control de longitud fija |
250709e2025 dr ||||gr|||| 00| 0 spa d |
| 020 ## - NÚMERO INTERNACIONAL ESTÁNDAR DEL LIBRO |
| Número Internacional Estándar del Libro |
9789945587364 |
| 040 ## - FUENTE DE LA CATALOGACIÓN |
| Centro catalogador/agencia de origen |
DO-SdBNP |
| Lengua de catalogación |
spa |
| Centro/agencia transcriptor |
BNPHU |
| Normas de descripción |
rda |
| 041 ## - CÓDIGO DE LENGUA |
| Código de lengua del texto/banda sonora o título independiente |
spa |
| 082 #4 - NÚMERO DE LA CLASIFICACIÓN DECIMAL DEWEY |
| Número de clasificación |
972.93054 |
| Número de documento/Ítem |
B742r 2025 |
| Número de edición |
22 |
| 100 1# - ENTRADA PRINCIPAL--NOMBRE DE PERSONA |
| Nombre de persona |
Bosch, Juan, |
| Fechas asociadas al nombre |
1909-2001 |
| Término indicativo de función/relación |
autor |
| Código de función/relación |
aut. |
| 9 (RLIN) |
76555 |
| 245 13 - MENCIÓN DE TÍTULO |
| Título |
La revolución de abril / |
| Mención de responsabilidad, etc. |
Juan Bosch |
| 250 ## - MENCIÓN DE EDICIÓN |
| Mención de edición |
Segunda edición |
| 264 #4 - PRODUCCIÓN, PUBLICACIÓN, DISTRIBUCIÓN, FABRICACIÓN Y COPYRIGHT |
| Producción, publicación, distribución, fabricación y copyright |
Santo Domingo, República Dominicana |
| Nombre del de productor, editor, distribuidor, fabricante |
Fundación Juan Bosch, |
| Fecha de producción, publicación, distribución, fabricación o copyright |
©2025. |
| 300 ## - DESCRIPCIÓN FÍSICA |
| Extensión |
47 páginas ; |
| Dimensiones |
23 cm. |
| 336 ## - TIPO DE CONTENIDO |
| Término de tipo de contenido |
txt |
| Código de tipo de contenido |
rdacontent |
| Fuente |
texto |
| 337 ## - TIPO DE MEDIO |
| Nombre/término del tipo de medio |
Sin mediación |
| Código del tipo de medio |
n |
| Fuente |
rdamedia |
| 338 ## - TIPO DE SOPORTE |
| Nombre/término del tipo de soporte |
volumen |
| Código del tipo de soporte |
nc |
| Fuente |
rdacarrier |
| 504 ## - NOTA DE BIBLIOGRAFÍA, ETC. |
| Nota de bibliografía, etc. |
Bibliografía: página 47 |
| 505 ## - NOTA DE CONTENIDO CON FORMATO |
| Nota de contenido con formato |
Capítulo I -- |
| Título |
Las bases materiales -- |
| -- |
Una burguesía-- |
| Información miscelánea |
Capítulo II |
| Título |
Bajo desarrollo social -- |
| -- |
Ejercito y Estado -- |
| Información miscelánea |
Capítulo III |
| Título |
La guerra mundial de 1914 -- |
| -- |
Los ascensos de Trujillo -- |
| Información miscelánea |
Capítulo IV |
| Título |
Del poder militar al poder político -- |
| -- |
La doble contratación -- |
| Información miscelánea |
Capítulo V |
| Título |
Los monopolios de Trujillo -- |
| -- |
Una contradidicion -- |
| Información miscelánea |
Capítulo VI |
| Título |
De La Trinitaria a la Restauración -- |
| -- |
El cuarto y el quinto -- |
| -- |
El cuarto y el quinto -- |
| 520 ## - SUMARIO, ETC. |
| Sumario, etc. |
Los aspirantes a burgueses que no pudieron satisfacer sus aspiraciones bajo el régimen trujillista creían en la democracia representativa, que, aunque para ellos no tuviera reacción con el sistema capitalista, era y es la proyección política de este sistema. |
| 590 ## - NOTA LOCAL (RLIN) |
| Nota local |
Inventariado, 2025/ YL |
| 650 #4 - PUNTO DE ACCESO ADICIONAL DE MATERIA--TÉRMINO DE MATERIA |
| Término de materia o nombre geográfico como elemento de entrada |
República Dominicana |
| Subdivisión general |
Historia |
| Subdivisión cronológica |
Revolución, 1965 |
| 9 (RLIN) |
43872 |
| 910 ## - DATOS DE OPCIÓN DEL USUARIO (OCLC) |
| Datos de opción del usuario |
YLockward/Validado. Control de calidad MFF |
| 942 ## - ELEMENTOS DE PUNTO DE ACCESO ADICIONAL (KOHA) |
| Fuente del sistema de clasificación o colocación |
Dewey Decimal Classification |
| Tipo de ítem Koha |
Folleto |